LEADER 03037nam 22006134a 450 001 9910450328203321 005 20200520144314.0 010 $a1-280-46387-2 010 $a9786610463879 010 $a1-4237-1446-6 010 $a90-474-0006-2 035 $a(CKB)1000000000030630 035 $a(EBL)253702 035 $a(OCoLC)191946978 035 $a(SSID)ssj0000249843 035 $a(PQKBManifestationID)11204612 035 $a(PQKBTitleCode)TC0000249843 035 $a(PQKBWorkID)10230815 035 $a(PQKB)11743062 035 $a(MiAaPQ)EBC253702 035 $a(Au-PeEL)EBL253702 035 $a(CaPaEBR)ebr10089745 035 $a(CaONFJC)MIL46387 035 $a(OCoLC)935229448 035 $a(EXLCZ)991000000000030630 100 $a20030226e20031713 uy 0 101 0 $aeng 135 $aur|n|---||||| 181 $ctxt 182 $cc 183 $acr 200 14$aThe spirit of prophecy defended$b[electronic resource] /$fedited and with a new introduction by J. Ramsey Michaels 210 $aBoston $cBrill Academic Publishers$d2003 215 $a1 online resource (582 p.) 300 $aOriginally published: The general delusion of Christians. 1713. With new introd. 311 $a0-391-04185-1 327 $aCONTENTS; List of Illustrations; Introduction to The Spirit of Prophecy Defended, 2003 Edition; Preface of Edward Irving (1832); PART ONE - A minute Inquiry into the Scripture, touching the several Ways used of God in revealing himself; namely, the Apparition of Angels, Divine Dreams, Prophetic Visions, Voices heard, and Inspir; PART TWO - Extract from most of the Writers now extant unto the Time of Constantine; shewing from them that the Spirit of Prophecy continued to be publicly acknowledged existing for three hundred Year 327 $aPART THREE - Imports that the Spirit which was condemned by some Churches, during the said Ages, under the Name of Montanism, for diabolical, was probably, by all that appears of it upon any good AuthPART FOUR - Gives an Account of many now-a-days prevailing Principles, touching the Spirit of Prophecy, which are proved to be antiscriptural, and which nevertheless are taken to be decisive, in the T 330 $aFirst published in 1713 as ""The General Delusion of Christians"", this is an apology for the miracles, signs and wonders of the Christian past and the so-called French prophets. This edition includes the text of the 1713 edition, John Lacy's marginalia, and the notes and preface of Edward Irving. 606 $aRevelation$vEarly works to 1800 606 $aProphecy$xChristianity$vEarly works to 1800 608 $aElectronic books. 615 0$aRevelation 615 0$aProphecy$xChristianity 676 $a231.7/4 700 $aLacy$b John$fb. 1664.$0858165 701 $aMichaels$b J. Ramsey$0858166 801 0$bMiAaPQ 801 1$bMiAaPQ 801 2$bMiAaPQ 906 $aBOOK 912 $a9910450328203321 996 $aThe spirit of prophecy defended$91915879 997 $aUNINA